[Event "I Torneo de Estrellas - La Marina 2013"]
[Site "Ibiza ESP"]
[Date "2013.10.12"]
[Round "1.1"]
[White "Cruz, Cristhian"]
[Black "Cruz, Jonathan"]
[Result "1/2-1/2"]
[WhiteElo "2543"]
[BlackElo "2473"]
[PlyCount "32"]
[EventDate "2013.10.12"]
[EventType "tourn"]
[EventRounds "9"]
[EventCountry "ESP"]
[EventCategory "8"]
[Source "lmi"]
[SourceDate "2013.10.12"]

1. d4 Nf6 2. c4 e6 3. Nf3 Bb4+ 4. Bd2 Qe7 5. g3 b6 6. Bg2 Bb7 7. O-O Bxd2 8.
Qxd2 O-O 9. Nc3 Ne4 10. Nxe4 Bxe4 11. Nh4 Bxg2 12. Nxg2 d6 13. e4 Nd7 14. Ne3
g6 15. Rfe1 c5 16. Rad1 Rfd8 1/2-1/2

[Event "I Torneo de Estrellas - La Marina 2013"]
[Site "Ibiza ESP"]
[Date "2013.10.12"]
[Round "1.2"]
[White "Navarro Lopez-Menchero, Daniel"]
[Black "Campos Moreno, Javier"]
[Result "1/2-1/2"]
[WhiteElo "2293"]
[BlackElo "2471"]
[PlyCount "44"]
[EventDate "2013.10.12"]
[EventType "tourn"]
[EventRounds "9"]
[EventCountry "ESP"]
[EventCategory "8"]
[Source "lmi"]
[SourceDate "2013.10.12"]

1. e4 e5 2. Nf3 Nc6 3. Bb5 a6 4. Ba4 Nf6 5. d3 d6 6. c3 Be7 7. O-O O-O 8. Nbd2
b5 9. Bc2 d5 10. Qe2 Bb7 11. Rd1 Re8 12. Nf1 h6 13. Ng3 Bd6 14. Nh4 Nxe4 15.
dxe4 Qxh4 16. Nf5 Qf6 17. exd5 Ne7 18. Nxe7+ Bxe7 19. Qe4 Bc5 20. Be3 Bxe3 21.
fxe3 g6 22. Qf3 Qxf3 1/2-1/2

[Event "I Torneo de Estrellas - La Marina 2013"]
[Site "Ibiza ESP"]
[Date "2013.10.12"]
[Round "1.3"]
[White "Fenollar Jorda, Manuel"]
[Black "Vega Gutierrez, Sabrina"]
[Result "0-1"]
[WhiteElo "2434"]
[BlackElo "2391"]
[PlyCount "108"]
[EventDate "2013.10.12"]
[EventType "tourn"]
[EventRounds "9"]
[EventCountry "ESP"]
[EventCategory "8"]
[Source "lmi"]
[SourceDate "2013.10.12"]

1. d4 d6 2. g3 g6 3. Bg2 Bg7 4. Nf3 Nf6 5. O-O O-O 6. c4 Nc6 7. Nc3 a6 8. Re1
Rb8 9. Rb1 Bf5 10. e4 Bg4 11. Be3 Nd7 12. Ne2 Na5 13. Nd2 c5 14. f3 cxd4 15.
Nxd4 e5 16. Ne2 Be6 17. Nc3 Rc8 18. Bf1 h5 19. Nd5 Kh7 20. b4 Nc6 21. Nb3 Bh6
22. Bxh6 Kxh6 23. Qd2+ Kg7 24. Red1 h4 25. g4 Re8 26. Kg2 Nf8 27. b5 axb5 28.
cxb5 Bxd5 29. exd5 Nb8 30. Rbc1 Qf6 31. Bd3 h3+ 32. Kg3 Nh7 33. Rxc8 Rxc8 34.
Rc1 Rxc1 35. Qxc1 Ng5 36. Qe3 Nd7 37. a4 Nb6 38. f4 exf4+ 39. Qxf4 Qc3 40. Qd4+
Qxd4 41. Nxd4 Nxa4 42. Nb3 Kf6 43. Na5 Nc5 44. Bf1 Ke5 45. Bxh3 Nxh3 46. Kxh3
Kxd5 47. Kh4 b6 48. Nc6 Ne4 49. g5 Nc3 50. Nd8 Nxb5 51. Nxf7 Nd4 52. Kg4 Nc6
53. h4 b5 54. Kf3 Ne5+ 0-1

[Event "I Torneo de Estrellas - La Marina 2013"]
[Site "Ibiza ESP"]
[Date "2013.10.12"]
[Round "1.4"]
[White "Garcia Roman, Daniel"]
[Black "Del Rey, Diego"]
[Result "0-1"]
[WhiteElo "2391"]
[BlackElo "2377"]
[PlyCount "128"]
[EventDate "2013.10.12"]
[EventType "tourn"]
[EventRounds "9"]
[EventCountry "ESP"]
[EventCategory "8"]
[Source "lmi"]
[SourceDate "2013.10.12"]

1. Nf3 d5 2. d4 Nf6 3. c4 c6 4. e3 Bf5 5. Nc3 e6 6. Nh4 Be4 7. f3 Bg6 8. Qb3 b5
9. cxb5 c5 10. dxc5 Bxc5 11. Nxg6 hxg6 12. Bd2 Nbd7 13. O-O-O Rc8 14. Kb1 Bd6
15. Na4 Qe7 16. Be2 O-O 17. g4 Rb8 18. Ba5 Rfc8 19. Rc1 Nc5 20. Nxc5 Rxc5 21.
Rxc5 Bxc5 22. Rc1 Nd7 23. Qc3 Qd6 24. f4 g5 25. b4 Bb6 26. Bxb6 axb6 27. a3
gxf4 28. Qc7 Qe7 29. exf4 Ra8 30. Ka2 Kh7 31. Qc3 Qh4 32. Qf3 Qe7 33. Qc3 Qh4
34. Qf3 Qe7 35. Qh3+ Kg8 36. Qc3 Qh4 37. Qc6 Rd8 38. Qc7 Kf8 39. Rc2 Ke7 40. f5
e5 41. Qb7 d4 42. Qe4 Qxh2 43. Bc4 Qh4 44. Qd5 Qf6 45. Rf2 Rf8 46. Re2 Qd6 47.
Qc6 Nb8 48. Qb7+ Nd7 49. Qc6 Nb8 50. Qe4 Nd7 51. g5 Rc8 52. Kb3 Rh8 53. g6 Rh3+
54. Ka2 f6 55. Rc2 Re3 56. Qc6 d3 57. Rd2 e4 58. Kb3 Qxc6 59. bxc6 Ne5 60. b5
Kd6 61. a4 Re1 62. Rb2 Rc1 63. Be6 e3 64. Ka2 e2 0-1

[Event "I Torneo de Estrellas - La Marina 2013"]
[Site "Ibiza ESP"]
[Date "2013.10.12"]
[Round "1.5"]
[White "Lariño Nieto, David"]
[Black "Ringoir, Tanguy"]
[Result "1/2-1/2"]
[WhiteElo "2469"]
[BlackElo "2511"]
[PlyCount "175"]
[EventDate "2013.10.12"]
[EventType "tourn"]
[EventRounds "9"]
[EventCountry "ESP"]
[EventCategory "8"]
[Source "lmi"]
[SourceDate "2013.10.12"]

1. Nf3 d5 2. b3 Nf6 3. Bb2 e6 4. e3 Be7 5. g4 O-O 6. g5 Nfd7 7. h4 c5 8. c4 Nc6
9. d4 cxd4 10. exd4 Qa5+ 11. Nbd2 e5 12. a3 Nxd4 13. b4 Qc7 14. Rc1 a5 15. cxd5
Qd6 16. Nxd4 exd4 17. Ne4 Qxd5 18. Bg2 Kh8 19. O-O axb4 20. Ng3 Qb5 21. Qxd4 f6
22. axb4 Ne5 23. Rfd1 Bg4 24. Re1 Rad8 25. Qe4 Qxb4 26. gxf6 gxf6 27. Qxb4 Bxb4
28. Rxe5 fxe5 29. Bxe5+ Kg8 30. Rc4 Rd1+ 31. Bf1 Bh3 32. Rxb4 Rf3 33. Rxb7
Rxg3+ 34. fxg3 Rxf1+ 35. Kh2 Bf5 36. g4 Be4 37. Rg7+ Kf8 38. h5 Rf7 39. Rg5 Rd7
40. Bc3 Rd5 41. Rg7 Rc5 42. Bd4 Rd5 43. Bf6 Rd6 44. g5 h6 45. Ra7 Rd2+ 46. Kg3
hxg5 47. Bxg5 Rd5 48. Kf4 Bd3 49. Ra2 Kg7 50. Kg4 Bf5+ 51. Kf4 Bd3 52. Ra4 Kh7
53. Kg4 Be2+ 54. Kh4 Rc5 55. Ra7+ Kg8 56. h6 Rc4+ 57. Kh3 Rc3+ 58. Kg2 Bd3 59.
Rg7+ Kf8 60. Be7+ Ke8 61. Bg5 Be4+ 62. Kf2 Kf8 63. Be7+ Ke8 64. Bb4 Rf3+ 65.
Ke2 Rf7 66. Rg8+ Kd7 67. Ke3 Bh7 68. Ra8 Ke6 69. Bc3 Kf5 70. Bg7 Re7+ 71. Kf3
Rb7 72. Rf8+ Kg5 73. Ke3 Rd7 74. Rf1 Rd3+ 75. Ke2 Rd7 76. Rg1+ Kf5 77. Ke3 Re7+
78. Kd4 Rd7+ 79. Kc5 Ke6 80. Re1+ Kf5 81. Kc6 Ra7 82. Bd4 Ra6+ 83. Bb6 Kg5 84.
Re6 Kh5 85. Rd6 Bg6 86. Kd7 Ra3 87. Ke7 Kxh6 88. Rd5 1/2-1/2

[Event "I Torneo de Estrellas - La Marina 2013"]
[Site "Ibiza ESP"]
[Date "2013.10.13"]
[Round "2.1"]
[White "Cruz, Jonathan"]
[Black "Ringoir, Tanguy"]
[Result "0-1"]
[WhiteElo "2473"]
[BlackElo "2511"]
[PlyCount "100"]
[EventDate "2013.10.12"]
[EventType "tourn"]
[EventRounds "9"]
[EventCountry "ESP"]
[EventCategory "8"]
[Source "lmi"]
[SourceDate "2013.10.12"]

1. d4 f5 2. Nf3 Nf6 3. c4 g6 4. Nc3 Bg7 5. g3 O-O 6. Bg2 d6 7. O-O c6 8. b3 Qa5
9. Bd2 Qc7 10. d5 Na6 11. Rc1 Bd7 12. Nd4 Rac8 13. Bf4 h6 14. c5 Nxc5 15. b4
Nce4 16. Nxe4 Nxe4 17. dxc6 bxc6 18. Nxc6 Be6 19. Qd3 Qd7 20. Bxe4 fxe4 21.
Qxe4 d5 22. Qc2 Bh3 23. Qxg6 Rf6 24. Nxe7+ Qxe7 25. Rxc8+ Bxc8 26. Qd3 Qxb4 27.
Qxd5+ Be6 28. Qa8+ Rf8 29. Qc6 Qc4 30. Qf3 Qxa2 31. Qe3 Qd5 32. Rb1 Bh3 33. Qb3
Qxb3 34. Rxb3 a5 35. Ra3 Ra8 36. g4 Bxg4 37. Rg3 h5 38. f3 Be6 39. Be5 Ra7 40.
Bd4 Rd7 41. Bc3 a4 42. Bb4 Kf7 43. Rg5 Rd5 44. h4 Bf6 45. Rxd5 Bxd5 46. e4 Be7
47. Bc3 a3 48. Kf2 Bf6 49. e5 Bxh4+ 50. Ke3 Bg3 0-1

[Event "I Torneo de Estrellas - La Marina 2013"]
[Site "Ibiza ESP"]
[Date "2013.10.13"]
[Round "2.2"]
[White "Del Rey, Diego"]
[Black "Lariño Nieto, David"]
[Result "0-1"]
[WhiteElo "2377"]
[BlackElo "2469"]
[PlyCount "76"]
[EventDate "2013.10.12"]
[EventType "tourn"]
[EventRounds "9"]
[EventCountry "ESP"]
[EventCategory "8"]
[Source "lmi"]
[SourceDate "2013.10.12"]

1. e4 e5 2. Nf3 Nc6 3. d4 exd4 4. Nxd4 Qf6 5. Nxc6 Bc5 6. Qf3 dxc6 7. Qxf6 Nxf6
8. f3 Be6 9. Nd2 O-O-O 10. Bc4 Bxc4 11. Nxc4 Rhe8 12. Be3 Nxe4 13. fxe4 Rxe4
14. O-O Rxc4 15. Bxc5 Rxc5 16. Rxf7 Rxc2 17. b4 g5 18. Rxh7 Rdd2 19. g3 b5 20.
a3 c5 21. bxc5 Rxc5 22. Rh5 Rcc2 23. Rf1 a6 24. Rf5 g4 25. Rh4 Rg2+ 26. Kh1 Kb7
27. Rf4 Rgd2 28. Kg1 Ra2 29. Rhxg4 Rg2+ 30. Kf1 Rxh2 31. Kg1 Rhg2+ 32. Kh1 Rgc2
33. Kg1 Rxa3 34. Rf2 Raa2 35. Rxc2 Rxc2 36. Kf1 a5 37. Ke1 a4 38. Kd1 Rg2 0-1

[Event "I Torneo de Estrellas - La Marina 2013"]
[Site "Ibiza ESP"]
[Date "2013.10.13"]
[Round "2.3"]
[White "Vega Gutierrez, Sabrina"]
[Black "Garcia Roman, Daniel"]
[Result "0-1"]
[WhiteElo "2391"]
[BlackElo "2391"]
[PlyCount "66"]
[EventDate "2013.10.12"]
[EventType "tourn"]
[EventRounds "9"]
[EventCountry "ESP"]
[EventCategory "8"]
[Source "lmi"]
[SourceDate "2013.10.12"]

1. d4 Nf6 2. c4 g6 3. g3 Bg7 4. Bg2 d5 5. cxd5 Nxd5 6. Nf3 O-O 7. O-O Nb6 8.
Nc3 Nc6 9. e3 Re8 10. Re1 e5 11. d5 Ne7 12. e4 Bg4 13. a4 c6 14. a5 Nbc8 15. a6
bxa6 16. Rxa6 cxd5 17. exd5 Nf5 18. Ne4 Nb6 19. d6 Nd4 20. Bg5 f6 21. Be3 Qc8
22. Ra1 Nc2 23. Bxb6 Nxe1 24. Bc7 Nxg2 25. Kxg2 Qf5 26. Qd5+ Kh8 27. Nc5 Bf8
28. Nh4 Bh3+ 29. Kg1 Qc2 30. Re1 Rac8 31. b4 a5 32. Bxa5 Qc3 33. Rd1 g5 0-1

[Event "I Torneo de Estrellas - La Marina 2013"]
[Site "Ibiza ESP"]
[Date "2013.10.13"]
[Round "2.5"]
[White "Cruz, Cristhian"]
[Black "Navarro Lopez-Menchero, Daniel"]
[Result "1-0"]
[WhiteElo "2543"]
[BlackElo "2293"]
[PlyCount "71"]
[EventDate "2013.10.12"]
[EventType "tourn"]
[EventRounds "9"]
[EventCountry "ESP"]
[EventCategory "8"]
[Source "lmi"]
[SourceDate "2013.10.12"]

1. c4 e5 2. g3 Nc6 3. Bg2 Bc5 4. Nc3 Nf6 5. d3 d6 6. Nf3 h6 7. O-O O-O 8. b3 a6
9. Bb2 Bf5 10. Rc1 Qd7 11. Nd5 Ne8 12. d4 Nxd4 13. Nxd4 Bxd4 14. Bxd4 exd4 15.
Qxd4 Rd8 16. Rfd1 Be6 17. Rd2 b6 18. Qh4 f6 19. Nb4 c5 20. Nd5 Bxd5 21. Bxd5+
Kh8 22. Rcd1 f5 23. Be6 Qc7 24. Rd5 Nf6 25. R5d2 Ne4 26. Rd3 b5 27. Bd5 Qa5 28.
Bxe4 fxe4 29. Qxe4 Qxa2 30. R1d2 Qb1+ 31. Kg2 b4 32. Qc6 Qe1 33. e3 a5 34. Qa4
Rf6 35. Qa2 Rdf8 36. Qb2 1-0

[Event "I Torneo de Estrellas - La Marina 2013"]
[Site "Ibiza ESP"]
[Date "2013.10.14"]
[Round "3.1"]
[White "Navarro Lopez-Menchero, Daniel"]
[Black "Cruz, Jonathan"]
[Result "0-1"]
[WhiteElo "2293"]
[BlackElo "2473"]
[PlyCount "78"]
[EventDate "2013.10.12"]
[EventType "tourn"]
[EventRounds "9"]
[EventCountry "ESP"]
[EventCategory "8"]
[Source "lmi"]
[SourceDate "2013.10.12"]

1. e4 e5 2. Nf3 Nc6 3. Bb5 a6 4. Ba4 Nf6 5. d3 b5 6. Bb3 Be7 7. O-O d6 8. c3
O-O 9. Nbd2 Na5 10. Bc2 c5 11. Re1 Nc6 12. Nf1 Be6 13. Ng3 Qc7 14. h3 Rad8 15.
Nh2 d5 16. Qf3 d4 17. Nf5 dxc3 18. bxc3 Bxf5 19. Qxf5 b4 20. Bb2 c4 21. Qf3
bxc3 22. Bxc3 Bb4 23. Bxb4 Nxb4 24. Rec1 c3 25. Qe3 Qa5 26. Nf3 Nc6 27. Bb3 Nd4
28. Bc4 Qa3 29. Nxe5 c2 30. Nf3 Nxf3+ 31. gxf3 Qc3 32. Qe2 Nh5 33. Qxc2 Qe5 34.
Bxa6 Nf4 35. Kf1 Qe6 36. Bc4 Qxh3+ 37. Ke1 Qxf3 38. Kd2 Qxf2+ 39. Kc3 Ne2+ 0-1

[Event "I Torneo de Estrellas - La Marina 2013"]
[Site "Ibiza ESP"]
[Date "2013.10.14"]
[Round "3.2"]
[White "Fenollar Jorda, Manuel"]
[Black "Cruz, Cristhian"]
[Result "0-1"]
[WhiteElo "2434"]
[BlackElo "2543"]
[PlyCount "72"]
[EventDate "2013.10.12"]
[EventType "tourn"]
[EventRounds "9"]
[EventCountry "ESP"]
[EventCategory "8"]
[Source "lmi"]
[SourceDate "2013.10.12"]

1. d4 Nf6 2. Nf3 d5 3. e3 g6 4. c4 Bg7 5. Nc3 O-O 6. Qb3 dxc4 7. Bxc4 Nc6 8.
Ne5 Nxe5 9. dxe5 Nd7 10. Bxf7+ Kh8 11. e6 Nc5 12. Qc4 Bxe6 13. Qxc5 Bxf7 14.
O-O Qd6 15. Qxd6 cxd6 16. Bd2 Rfc8 17. Rfc1 Rc6 18. Nd1 Kg8 19. Rxc6 bxc6 20.
Bc3 Rb8 21. Bxg7 Kxg7 22. Kf1 a5 23. Ke2 c5 24. Kd2 Kf6 25. Kc2 Bd5 26. f3 g5
27. Nc3 Bc6 28. Rf1 Ke6 29. Rf2 Rf8 30. e4 Ke5 31. Kd3 e6 32. Re2 Bb7 33. Ke3
h5 34. Rc2 g4 35. Na4 gxf3 36. gxf3 Rxf3+ 0-1

[Event "I Torneo de Estrellas - La Marina 2013"]
[Site "Ibiza ESP"]
[Date "2013.10.14"]
[Round "3.3"]
[White "Garcia Roman, Daniel"]
[Black "Campos Moreno, Javier"]
[Result "1/2-1/2"]
[WhiteElo "2391"]
[BlackElo "2471"]
[PlyCount "34"]
[EventDate "2013.10.12"]
[EventType "tourn"]
[EventRounds "9"]
[EventCountry "ESP"]
[EventCategory "8"]
[Source "lmi"]
[SourceDate "2013.10.12"]

1. d4 Nf6 2. c4 c5 3. d5 e6 4. Nc3 exd5 5. cxd5 d6 6. e4 g6 7. h3 Bg7 8. Nf3 a6
9. a4 Nbd7 10. Bd3 Nh5 11. Bg5 Bf6 12. Bd2 Ne5 13. Be2 Nxf3+ 14. Bxf3 Ng7 15.
a5 O-O 16. O-O Bd7 17. Qc2 Be5 1/2-1/2

[Event "I Torneo de Estrellas - La Marina 2013"]
[Site "Ibiza ESP"]
[Date "2013.10.14"]
[Round "3.4"]
[White "Lariño Nieto, David"]
[Black "Vega Gutierrez, Sabrina"]
[Result "1-0"]
[WhiteElo "2469"]
[BlackElo "2391"]
[PlyCount "51"]
[EventDate "2013.10.12"]
[EventType "tourn"]
[EventRounds "9"]
[EventCountry "ESP"]
[EventCategory "8"]
[Source "lmi"]
[SourceDate "2013.10.12"]

1. Nf3 Nf6 2. b3 d6 3. d4 g6 4. Bb2 Bg7 5. Nbd2 d5 6. c4 c6 7. g3 O-O 8. Bg2
Bf5 9. Nh4 Be6 10. O-O a5 11. Re1 Na6 12. e4 dxe4 13. Nxe4 Nxe4 14. Rxe4 Nc7
15. a4 c5 16. Qe2 cxd4 17. Rd1 Ra6 18. c5 Bxb3 19. Rdxd4 Bxd4 20. Rxd4 Qc8 21.
Qe3 Qe6 22. Re4 Qd5 23. Rd4 Qe6 24. Re4 Qd5 25. Bf3 Re6 26. Qc3 1-0

[Event "I Torneo de Estrellas - La Marina 2013"]
[Site "Ibiza ESP"]
[Date "2013.10.14"]
[Round "3.5"]
[White "Ringoir, Tanguy"]
[Black "Del Rey, Diego"]
[Result "1-0"]
[WhiteElo "2511"]
[BlackElo "2377"]
[PlyCount "57"]
[EventDate "2013.10.12"]
[EventType "tourn"]
[EventRounds "9"]
[EventCountry "ESP"]
[EventCategory "8"]
[Source "lmi"]
[SourceDate "2013.10.12"]

1. d4 d5 2. c4 Bf5 3. Nc3 e6 4. Nf3 c6 5. Qb3 Qb6 6. c5 Qc7 7. Bf4 Qc8 8. Nh4
Nf6 9. Nxf5 exf5 10. e3 Nh5 11. Bg5 Nd7 12. f3 g6 13. e4 Bg7 14. O-O-O fxe4 15.
fxe4 O-O 16. exd5 cxd5 17. Nxd5 Kh8 18. Be7 Re8 19. Bd6 Re4 20. Nc7 Rb8 21. Nb5
Ra8 22. Qxf7 Qe8 23. Bc4 Qxf7 24. Bxf7 Nf4 25. Nc3 Ne2+ 26. Kb1 Nxc3+ 27. bxc3
Re3 28. Kc2 Nf6 29. Rhe1 1-0

[Event "I Torneo de Estrellas - La Marina 2013"]
[Site "Ibiza ESP"]
[Date "2013.10.14"]
[Round "4.1"]
[White "Cruz, Jonathan"]
[Black "Del Rey, Diego"]
[Result "1-0"]
[WhiteElo "2473"]
[BlackElo "2377"]
[PlyCount "57"]
[EventDate "2013.10.12"]
[EventType "tourn"]
[EventRounds "9"]
[EventCountry "ESP"]
[EventCategory "8"]
[Source "lmi"]
[SourceDate "2013.10.12"]

1. d4 d5 2. Nf3 Nf6 3. c4 dxc4 4. e3 Bg4 5. Bxc4 e6 6. Qb3 Bxf3 7. gxf3 c5 8.
Nc3 cxd4 9. exd4 Nbd7 10. f4 Qb6 11. f5 Qxb3 12. axb3 exf5 13. O-O Bd6 14. Nb5
Bb8 15. Re1+ Kd8 16. Bxf7 Rf8 17. Be6 a6 18. Bxf5 Nb6 19. Nc3 Bd6 20. Bg5 h6
21. Bh4 Bb4 22. Re6 Bxc3 23. Rxb6 Bxb2 24. Ra2 Bc1 25. Rd6+ Ke8 26. Re2+ Kf7
27. Bxf6 gxf6 28. Rd7+ Kg8 29. Ree7 1-0

[Event "I Torneo de Estrellas - La Marina 2013"]
[Site "Ibiza ESP"]
[Date "2013.10.14"]
[Round "4.2"]
[White "Vega Gutierrez, Sabrina"]
[Black "Ringoir, Tanguy"]
[Result "1/2-1/2"]
[WhiteElo "2391"]
[BlackElo "2511"]
[PlyCount "24"]
[EventDate "2013.10.12"]
[EventType "tourn"]
[EventRounds "9"]
[EventCountry "ESP"]
[EventCategory "8"]
[Source "lmi"]
[SourceDate "2013.10.12"]

1. e4 e5 2. Nf3 Nc6 3. Bc4 Bc5 4. c3 Nf6 5. d3 a6 6. Bb3 Ba7 7. Nbd2 d6 8. h3
h6 9. Nf1 Be6 10. Bxe6 fxe6 11. Qb3 Qc8 12. Ng3 O-O 1/2-1/2

[Event "I Torneo de Estrellas - La Marina 2013"]
[Site "Ibiza ESP"]
[Date "2013.10.14"]
[Round "4.4"]
[White "Cruz, Cristhian"]
[Black "Garcia Roman, Daniel"]
[Result "1-0"]
[WhiteElo "2543"]
[BlackElo "2391"]
[PlyCount "111"]
[EventDate "2013.10.12"]
[EventType "tourn"]
[EventRounds "9"]
[EventCountry "ESP"]
[EventCategory "8"]
[Source "lmi"]
[SourceDate "2013.10.12"]

1. d4 Nf6 2. c4 g6 3. d5 d6 4. Nc3 Bg7 5. e4 O-O 6. Bd3 e6 7. Nf3 exd5 8. cxd5
Bg4 9. h3 Bxf3 10. Qxf3 Nbd7 11. Bc2 c6 12. dxc6 bxc6 13. O-O Qe7 14. Bf4 Nh5
15. Bh2 Be5 16. Rad1 Rab8 17. b3 Nc5 18. Qe3 Nf6 19. Rfe1 Rfe8 20. g3 Qd7 21.
g4 Bxh2+ 22. Kxh2 Qe7 23. Qg3 Rbd8 24. b4 Ne6 25. Bb3 h5 26. b5 hxg4 27. bxc6
Nh5 28. Nd5 Nxg3 29. Nxe7+ Rxe7 30. Kxg3 gxh3 31. e5 d5 32. Bxd5 Rc8 33. Bh1
Nd8 34. Rd6 Rec7 35. Rc1 Kf8 36. Bd5 Ke8 37. Kxh3 Re7 38. f4 g5 39. fxg5 Rxe5
40. c7 Ne6 41. Bb7 Rxc7 42. Rxe6+ fxe6 43. Rxc7 Rxg5 44. Bc6+ Kd8 45. Rxa7 Rc5
46. Bf3 Kc8 47. Kg3 Kb8 48. Rb7+ Kc8 49. Rb4 Kc7 50. Kf4 Rc2 51. a4 Ra2 52. Ke5
Ra3 53. Be4 Kd7 54. Kd4 Kd6 55. Kc4 Ke5 56. Kb5 1-0

[Event "I Torneo de Estrellas - La Marina 2013"]
[Site "Ibiza ESP"]
[Date "2013.10.14"]
[Round "4.5"]
[White "Navarro Lopez-Menchero, Daniel"]
[Black "Fenollar Jorda, Manuel"]
[Result "1/2-1/2"]
[WhiteElo "2293"]
[BlackElo "2434"]
[PlyCount "90"]
[EventDate "2013.10.12"]
[EventType "tourn"]
[EventRounds "9"]
[EventCountry "ESP"]
[EventCategory "8"]
[Source "lmi"]
[SourceDate "2013.10.12"]

1. e4 e6 2. d4 d5 3. Nc3 Nf6 4. Bg5 Bb4 5. e5 h6 6. Bc1 Ne4 7. Qg4 Kf8 8. Nge2
c5 9. a3 Ba5 10. dxc5 Bxc3+ 11. Nxc3 Nxc3 12. bxc3 Qc7 13. Qg3 Nd7 14. f4 Nxc5
15. c4 Qa5+ 16. Bd2 Qxd2+ 17. Kxd2 Ne4+ 18. Ke3 Nxg3 19. hxg3 dxc4 20. Bxc4 Bd7
21. Be2 Bc6 22. Bf3 Rc8 23. Rab1 b6 24. Bxc6 Rxc6 25. Kd2 Ke7 26. Rb3 Rhc8 27.
Rc1 Rc4 28. Rd3 h5 29. c3 Ra4 30. Ra1 Rd8 31. Rxd8 Kxd8 32. Kc2 Kc7 33. Kd3 b5
34. Ke3 g6 35. g4 hxg4 36. g3 Kd7 37. Kd3 Ke7 38. Ra2 Kd7 39. Ra1 a5 40. Rb1
Kc6 41. Ra1 Kb6 42. Ke2 Rc4 43. Kd3 Ra4 44. Ke2 Kc5 45. Kd3 Kb6 1/2-1/2

[Event "I Torneo de Estrellas - La Marina 2013"]
[Site "Ibiza ESP"]
[Date "2013.10.15"]
[Round "5.1"]
[White "Fenollar Jorda, Manuel"]
[Black "Cruz, Jonathan"]
[Result "1/2-1/2"]
[WhiteElo "2434"]
[BlackElo "2473"]
[PlyCount "139"]
[EventDate "2013.10.12"]
[EventType "tourn"]
[EventRounds "9"]
[EventCountry "ESP"]
[EventCategory "8"]
[Source "lmi"]
[SourceDate "2013.10.12"]

1. d4 Nf6 2. c4 e6 3. Nc3 Bb4 4. e3 O-O 5. Bd3 d5 6. cxd5 exd5 7. Nge2 Re8 8.
Bd2 Nbd7 9. Rc1 c5 10. Nb5 Bxd2+ 11. Qxd2 c4 12. Bb1 Nb8 13. O-O a6 14. Nbc3 b5
15. Ng3 h5 16. f3 Nc6 17. Rcd1 Be6 18. h3 Qb6 19. Qf2 Rad8 20. Nge2 b4 21. Na4
Qb5 22. Nc5 Bc8 23. Nf4 Qb8 24. Rfe1 Qd6 25. Qh4 g6 26. Qg5 Nh7 27. Qh6 Qf8 28.
Qxf8+ Rxf8 29. Bc2 Nf6 30. Ba4 Ne7 31. g4 g5 32. Ne2 Ng6 33. gxh5 Nxh5 34. Kf2
Kg7 35. Rg1 Kh6 36. Ng3 Nxg3 37. Kxg3 Nh4 38. Bc2 Bf5 39. e4 Bg6 40. Rgf1 Rfe8
41. Nxa6 dxe4 42. fxe4 b3 43. axb3 cxb3 44. Bxb3 Rxe4 45. Nc5 Re2 46. Rf2 Nf5+
47. Rxf5 Bxf5 48. Bxf7 Rf8 49. Bc4 Re3+ 50. Kf2 Rxh3 51. Kg2 Re3 52. Rd2 Bh3+
53. Kh2 Kh5 54. Nd3 Bf1 55. Ne5 Rh3+ 56. Kg1 Bxc4 57. Nxc4 Rg3+ 58. Kh2 Rb3 59.
d5 Rb4 60. b3 Rxb3 61. d6 Rb5 62. d7 Rd8 63. Kg3 Rb3+ 64. Kg2 Rb7 65. Ne5 g4
66. Rd5 Rb2+ 67. Kg3 Rb3+ 68. Kg2 Rb2+ 69. Kg3 Rb3+ 70. Kg2 1/2-1/2

[Event "I Torneo de Estrellas - La Marina 2013"]
[Site "Ibiza ESP"]
[Date "2013.10.15"]
[Round "5.2"]
[White "Garcia Roman, Daniel"]
[Black "Navarro Lopez-Menchero, Daniel"]
[Result "1-0"]
[WhiteElo "2391"]
[BlackElo "2293"]
[PlyCount "137"]
[EventDate "2013.10.12"]
[EventType "tourn"]
[EventRounds "9"]
[EventCountry "ESP"]
[EventCategory "8"]
[Source "lmi"]
[SourceDate "2013.10.12"]

1. c4 e5 2. Nc3 Nc6 3. Nf3 Bc5 4. e3 d6 5. d4 exd4 6. exd4 Bb4 7. Qb3 Nf6 8. d5
Bxc3+ 9. Qxc3 Nb8 10. Bg5 O-O 11. O-O-O Bf5 12. Bxf6 Qxf6 13. Qxf6 gxf6 14. Nd4
Bd7 15. Rd3 Na6 16. Rg3+ Kh8 17. Bd3 Nc5 18. Bc2 a5 19. Rf3 Kg7 20. Rg3+ Kh8
21. Rf3 Kg7 22. Nf5+ Bxf5 23. Bxf5 h6 24. Rg3+ Kh8 25. Rd1 Rg8 26. Rd4 Rxg3 27.
hxg3 Re8 28. Kd2 Re5 29. g4 Kg7 30. b3 b6 31. f3 Re7 32. Bc2 Re5 33. Rf4 Nd7
34. a3 b5 35. Rd4 bxc4 36. bxc4 Nc5 37. f4 Re8 38. g3 Re7 39. f5 Re8 40. Rf4
Re5 41. Rd4 Re8 42. Rf4 Re5 43. Rf3 Re8 44. Kd1 Re5 45. Kd2 Re8 46. Rf1 Ne4+
47. Bxe4 Rxe4 48. Rf4 Re8 49. Rf3 Re4 50. Rf4 Re8 51. Rf3 Re4 52. Kc3 Rxg4 53.
Kb3 h5 54. Rc3 Rg5 55. Rf3 Rg4 56. Rc3 Rg5 57. Ka4 Rxf5 58. Kxa5 c6 59. Rd3
cxd5 60. cxd5 Rf1 61. Kb6 f5 62. Kc6 f4 63. gxf4 Rxf4 64. Kxd6 Kf6 65. Kc7 Rc4+
66. Kd8 Ra4 67. d6 Ra8+ 68. Kc7 Ra7+ 69. Kb6 1-0

[Event "I Torneo de Estrellas - La Marina 2013"]
[Site "Ibiza ESP"]
[Date "2013.10.15"]
[Round "5.3"]
[White "Lariño Nieto, David"]
[Black "Cruz, Cristhian"]
[Result "1/2-1/2"]
[WhiteElo "2469"]
[BlackElo "2543"]
[PlyCount "38"]
[EventDate "2013.10.12"]
[EventType "tourn"]
[EventRounds "9"]
[EventCountry "ESP"]
[EventCategory "8"]
[Source "lmi"]
[SourceDate "2013.10.12"]

1. e4 e6 2. d4 d5 3. Nc3 Nf6 4. Bg5 dxe4 5. Nxe4 Be7 6. Nxf6+ Bxf6 7. Bxf6 Qxf6
8. Bb5+ Bd7 9. Bxd7+ Nxd7 10. Nf3 O-O 11. O-O e5 12. dxe5 Nxe5 13. Nxe5 Qxe5
14. c3 Rad8 15. Qc2 h6 16. Rfe1 Qf6 17. Rad1 Rxd1 18. Rxd1 Rd8 19. Rxd8+ Qxd8
1/2-1/2

[Event "I Torneo de Estrellas - La Marina 2013"]
[Site "Ibiza ESP"]
[Date "2013.10.15"]
[Round "5.4"]
[White "Ringoir, Tanguy"]
[Black "Campos Moreno, Javier"]
[Result "1-0"]
[WhiteElo "2511"]
[BlackElo "2471"]
[PlyCount "55"]
[EventDate "2013.10.12"]
[EventType "tourn"]
[EventRounds "9"]
[EventCountry "ESP"]
[EventCategory "8"]
[Source "lmi"]
[SourceDate "2013.10.12"]

1. d4 Nf6 2. c4 e6 3. Nc3 Bb4 4. e3 O-O 5. Nge2 d5 6. a3 Be7 7. cxd5 exd5 8.
Nf4 c6 9. Bd3 a5 10. O-O Na6 11. Qb3 Bd6 12. Bd2 Re8 13. f3 Nc7 14. Na4 Bxf4
15. exf4 Ne6 16. Qc3 Qd6 17. g3 b5 18. Nc5 a4 19. Rfe1 Nxc5 20. dxc5 Qd8 21.
Qd4 Ra7 22. Re5 Rae7 23. Bc3 Rxe5 24. fxe5 Nd7 25. e6 Nf6 26. exf7+ Kxf7 27.
Bxh7 Qd7 28. g4 1-0

[Event "I Torneo de Estrellas - La Marina 2013"]
[Site "Ibiza ESP"]
[Date "2013.10.15"]
[Round "5.5"]
[White "Del Rey, Diego"]
[Black "Vega Gutierrez, Sabrina"]
[Result "1/2-1/2"]
[WhiteElo "2377"]
[BlackElo "2391"]
[PlyCount "21"]
[EventDate "2013.10.12"]
[EventType "tourn"]
[EventRounds "9"]
[EventCountry "ESP"]
[EventCategory "8"]
[Source "lmi"]
[SourceDate "2013.10.12"]

1. d4 d5 2. c4 c6 3. cxd5 cxd5 4. Nc3 Nf6 5. Bf4 Nc6 6. e3 a6 7. Bd3 Bg4 8.
Nge2 e6 9. f3 Bh5 10. O-O Bd6 11. Rc1 1/2-1/2